| 000 | 00578nam a2200205Ia 4500 | ||
|---|---|---|---|
| 003 | GCL | ||
| 008 | 140319s9999 xx 000 0 eng d | ||
| 020 | _a0195070658 | ||
| 040 |
_aGCL / _cGCL |
||
| 082 | 0 | 4 |
_a813.0108 _bO O |
| 100 | 1 | _aOATES, JOYCE CAROL | |
| 245 | 1 | 0 |
_aTHE OXFORD BOOK OF AMERICAN SHORT STORIES / _cOATES, JOYCE CAROL |
| 260 |
_a[S.N] : _bOXFORD UNIVERSITY PRESS ، _c1992 |
||
| 300 |
_a20 CM ؛ _c768 P |
||
| 650 | 0 | 4 | _aSHORT STORIES |
| 650 | 0 | 4 | _aAMERICAN FICTION |
| 650 | 0 | 4 | _aAMERICAN LITERATURE |
| 650 | 0 | 4 | _aCOLLECTION OF FICTIONS |
| 942 |
_2ddc _cBK |
||
| 999 |
_c4783 _d4783 |
||